Minecraft - quiz - Statystyki

Ogólne statystyki
  • Ten quiz został rozwiązany 870 razy
  • Średni wynik to 6 z 10
Statystyki odpowiedzi
Podpowiedź Odpowiedź % Poprawnych
Aby łatwo uniknąć ataku endermana należy wejść do... wody
97%
1 przemierzony blok w Netherze odpowiada ilu w blokom w zwykłym świecie? 8
88%
Najrzadszym kolorem owcy, który może się pojawić jest... różowy
70%
Ze śniegu i dyni można stworzyć... bałwana
66%
Komu rzucające mikstury leczące mogą zadać obrażenia? szkieletom i zombie
64%
Jeśli podczas burzy mieszkańca wioski uderzy piorun zamieni się on w... wiedźmę
56%
Za dnia moby te są neutralne jednak po zapadnięciu zmierzchu stają się agresywne. pająki
46%
Potwory w normalnych warunkach palą się za dnia. Nie dzieję się to jednak gdy pojawią się z... hełmem
37%
Jak na początku została nazwana gra Minecraft? Cave Game
36%
Jak ma na imię smok Endu? Jean
4%
Nie znaleziono quizów pasujących do podanych kryteriów
Rozkład punktacji
Procent ludzi z każdym wynikiem
Percentyl według liczby udzielonych odpowiedzi
Twoja historia wyników
Nie rozwiązałeś tego quizu